LIBRARY & INFORMATION CENTRE, KCAET, TAVANUR

ONLINE PUBLIC ACCESS CATALOGUE (OPAC)

Introduction to fortran 77 and the personal computer / (Record no. 12224)

MARC details
000 -LEADER
fixed length control field 00514cam a2200181ua 4500
003 - CONTROL NUMBER IDENTIFIER
control field OSt
008 - FIXED-LENGTH DATA ELEMENTS--GENERAL INFORMATION
fixed length control field 241226b |||||||| |||| 00| 0 eng d
020 ## - INTERNATIONAL STANDARD BOOK NUMBER
ISBN 0-07-100469-6
041 ## - LANGUAGE CODE
Language code of text/sound track or separate title eng
082 ## - DEWEY DECIMAL CLASSIFICATION NUMBER
Classification number 005.133
Item number HAM/IN
100 ## - MAIN ENTRY--AUTHOR NAME
Personal name Hammond, Robert H .
245 ## - TITLE STATEMENT
Title Introduction to fortran 77 and the personal computer /
260 ## - PUBLICATION, DISTRIBUTION, ETC. (IMPRINT)
Place of publication New York :
Name of publisher McGraw Hill Book Company ,
Year of publication 1992.
300 ## - PHYSICAL DESCRIPTION
Number of Pages 413 ; .
700 1# - ADDED ENTRY--PERSONAL NAME
Personal name Crittenden, John B .
700 1# - ADDED ENTRY--PERSONAL NAME
Personal name Rogers, William B .
942 ## - ADDED ENTRY ELEMENTS (KOHA)
Koha item type Books
Holdings
Withdrawn status Lost status Damaged status Home library Current library Date acquired Full call number Accession Number Koha item type
      KAUAET KAUAET 07/04/2012 005.133 HAM/IN 16933 Books
free website counter